=LDR 00000nam 2200000 4500 =001 INLIS000000000017129 =005 20130612112322 =008 ***********************************Ind** =035 ##$$0010-061300000017129 =041 ##$$a Ind =082 ##$$a 2x4.21 =090 ##$$a 2x4.21, Gha b =100 ##$$a Ghalib, Isa Abdul =245 ##$$a Bisikan malam penganten, Abdul Ghalib Isa =260 ##$$a 1998 $b Jakarta =300 ##$$a xii, 88 hlm, ilus, 21 cm =650 ##$$a Pengukuran teknik-Soal dan Jawaban =850 ##$$a NBPNMAT